000 03296nam a22003137i 4500
001 TCPA 69
003 gtcocun
005 20250908220530.0
006 a||||gr|||| 00| 0
008 250908b2018 gt ||||| m||| 00| 0 eng d
040 _agtcocun
_bSPA
_cgtcocun
_eRDA
041 _aSPA
084 _0TCPA 69
100 _aLem Jom, Gerber Geovanny
_eAutor
245 _aInforme final del Ejercicio Profesional Supervisado, realizado en la Municipalidad de Panzós, Alta Verapaz/
_cGerber Geovanny Lem Jom
_hImpreso
264 _aCobán, Alta Verapaz:
_bUniversidad de San Carlos de Guatemala, Centro Universitario del Norte, Licenciatura en Contaduría Pública y Auditoría.
_c2018
300 _a45 p.:
_bIlustraciones, gráficas.
_c28 cm; PDF
336 _2rdacontenido
_aTexto
_btxt
337 _2rdamedio
_aComputadora
_bn
338 _2rdasoporte
_aCódigo en línea
_bcr
502 _e.
502 _aTesis de grado
_bLicenciatura en Contaduría Pública y Auditoría.
_cUniversidad de San Carlos de Guatemala, Centro Universitario del Norte, Licenciatura en Contaduría Pública y Auditoría.
_d2018
_oTCPA 69
520 1 4 _aComo parte del proceso de formación de la Universidad de San Carlos de Guatemala, por medio del Centro Universitario del Norte; en la carrera de Contaduría Pública y Auditoría, se requiere de la ejecución del Ejercicio Profesional Supervisado (EPS). Por lo que el informe final de la práctica que se presenta a continuación, fue realizado en la municipalidad de Panzós, Alta Verapaz, como unidad de práctica. El principio de este ejercicio se dio mediante el estudio y análisis de la situación que definía a la comuna como tal, por medio de herramientas para obtener datos significativos de la caracterización de la empresa y sus distintos ámbitos tales como el área administrativa, de servicio, financiera y de operaciones. Utilizadas las herramientas de diagnóstico se detectaron situaciones las cuales requerían de atención y solución, descritas como: poca recaudación sobre servicios, arbitrios y tasas municipales, falta de protección y salvaguarda de los bienes y suministros de parte del encargado de almacén, descontrol en la entrega, recepción y ubicación de bienes al personal de la municipalidad, deficiencia en el control de efectivo de ingresos y egresos para imprevistos, deficiencias de control en la unidad de (IUSI), no existe unidad de Catastro. Según lo anteriormente descrito se plantearon propuestas, cada una de ellas con su respectiva intervención, con el propósito de darle solución a cada problemática y tener como resultado un funcionamiento adecuado en las distintas actividades operativas y de servicio de la institución, tales acciones se desarrollaron mediante el cumplimento de aspectos planificados previamente en cronogramas de trabajo, concretando de esta manera la ejecución del ejercicio profesional supervisado.
650 1 4 _2LEMB
_aPanzós, Alta Verapaz
_xTargetas de responsabilidades
_xkardex
_xcaja chica
700 _aLic. Carlos Abraham Sierra Alvarado
_eAsesor
856 _uhttps://drive.google.com/file/d/1Lgdb079ML_e56mncrp_kEr1jfsOnwkBJ/view?usp=sharing
_yPDF
_zUn ejemplar en línea.
942 _2ddc
_cTES
_iTCPA_69
_kClasificación
_n0
_6TCPA__69
999 _c1761
_d1761